Diálogos

Збережено в:
Бібліографічні деталі
Автор: Platón (Автор)
Формат: Книга
Мова:Іспанська
Опубліковано: Madrid Ibéricos 1958
Редагування:4a. ed
Предмети:
Теги: Додати тег
Немає тегів, Будьте першим, хто поставить тег для цього запису!

MARC

LEADER 00000cam a2200000 a 4500
001 UCX2506
003 CL-VaPUC
005 20230711164614.0
008 910605e19580000SP |||||||||||||||||spa|d
999 |c 223513  |d 223511 
040 |c Pontificia Universidad Católica de Valparaíso 
082 0 4 |a 184  |b PLA  |2 21 
100 0 |a Platón  |e author  |9 222 
245 1 0 |a Diálogos 
250 |a 4a. ed 
260 |a Madrid  |b Ibéricos  |c 1958 
300 |a v 
500 |a v.3: Menexenos. Menon. Kratilos. Faidros 
583 |a last modification  |c 20130627 04:04:57  |k Rodrigo Vera 
650 0 |a Platonismo  |9 265673  |x Filosofía Antigua 
942 |c BK  |2 ddc 
945 |d 19910605 00:00:00 
952 |0 0  |1 0  |4 0  |6 184_000000000000000_PLA_1958  |7 0  |8 R  |9 219410  |a BIBEDU  |b BIBEDU  |c MCIRC  |d 2019-11-15  |h v.3  |i 2881349  |o 184 PLA 1958  |p 2881349  |r 2023-01-13  |w 2019-11-15  |y BK_R  |k FIL 
952 |0 0  |1 0  |4 0  |6 184_000000000000000_PLA_1958  |7 0  |8 A  |9 219411  |a BIBART  |b BIBART  |d 2019-11-15  |h v.3  |i 4984587  |o 184 PLA 1958  |p 4984587  |r 2025-03-13  |w 2019-11-15  |y BK  |k ART